[Event "GBR-ch Major 104th"]
[Site "Llandudno"]
[Date "2017.08.06"]
[Round "9"]
[White "Walton, David Aw"]
[Black "Neale, George"]
[Result "1-0"]
[WhiteElo "1727"]
[BlackElo "1635"]
[PlyCount "45"]
[EventDate "2017.07.29"]
[EventType "swiss"]
[EventRounds "9"]
[EventCountry "WLS"]
[SourceTitle "CBM 179 Extra"]
[Source "ChessBase"]
[SourceDate "2017.08.23"]
[SourceVersion "1"]
[SourceVersionDate "2017.08.23"]
[SourceQuality "1"]

1. e4 e5 2. Nf3 Nf6 3. Bc4 Nc6 4. d3 Bc5 5. a3 d6 6. b4 Bb6 7. Nc3 Bg4 8. Be3 0-0 9. h3 Be6 10. Nd5 Bd4 11. c3 Bxd5 12. cxd4 exd4 13. exd5 dxe3 14. dxc6 exf2+ 15. Kxf2 bxc6 16. Re1 d5 17. Bb3 Qd6 18. Qc2 a5 19. Qc5 Qxc5+ 20. bxc5 Rab8 21. Ba4 Rb2+ 22. Re2 Re8 23. Rxb2 1-0

[Event "GBR-ch Major 104th"]
[Site "Llandudno"]
[Date "2017.08.02"]
[Round "5"]
[White "Camp, Imogen AL"]
[Black "Walton, David Aw"]
[Result "1-0"]
[WhiteElo "1802"]
[BlackElo "1727"]
[PlyCount "97"]
[EventDate "2017.07.29"]
[EventType "swiss"]
[EventRounds "9"]
[EventCountry "WLS"]
[SourceTitle "CBM 179 Extra"]
[Source "ChessBase"]
[SourceDate "2017.08.23"]
[SourceVersion "1"]
[SourceVersionDate "2017.08.23"]
[SourceQuality "1"]

1. d4 Nf6 2. Nf3 d5 3. Bf4 Bf5 4. e3 e6 5. c4 c6 6. Nc3 Bd6 7. Bg3 0-0 8. Ne5 Qc7 9. c5 Bxe5 10. Bxe5 Qd8 11. Bd6 Re8 12. h3 Nbd7 13. g4 Be4 14. f3 Bg6 15. h4 h5 16. g5 Nh7 17. f4 b6 18. Be2 bxc5 19. dxc5 e5 20. 0-0 exf4 21. exf4 Nb6 22. f5 Nxg5 23. fxg6 Nh3+ 24. Kh1 fxg6 25. Bg3 Nc8 26. Kh2 Qd7 27. Bd3 Ne7 28. Qf3 Rf8 29. Qg2 d4 30. Ne2 g5 31. Qxh3 g4 32. Qg2 Nd5 33. Qe4 Nf6 34. Qf5 Qe7 35. Nf4 Qf7 36. Qe6 Rae8 37. Qxf7+ Rxf7 38. Bc4 Nd5 39. Nxd5 cxd5 40. Bxd5 Ref8 41. Rxf7 Rxf7 42. Rf1 d3 43. Bxf7+ Kh7 44. Rd1 a5 45. Rxd3 g6 46. Be5 a4 47. Rd5 a3 48. Rd8 axb2 49. Rh8# 1-0

[Event "GBR-ch Major 104th"]
[Site "Llandudno"]
[Date "2017.08.01"]
[Round "4"]
[White "Walton, David Aw"]
[Black "Stoyanov, Viktor"]
[Result "1/2-1/2"]
[WhiteElo "1727"]
[BlackElo "1919"]
[PlyCount "52"]
[EventDate "2017.07.29"]
[EventType "swiss"]
[EventRounds "9"]
[EventCountry "WLS"]
[SourceTitle "CBM 179 Extra"]
[Source "ChessBase"]
[SourceDate "2017.08.23"]
[SourceVersion "1"]
[SourceVersionDate "2017.08.23"]
[SourceQuality "1"]

1. e4 c5 2. Nf3 g6 3. c3 Bg7 4. d4 cxd4 5. cxd4 d5 6. e5 Nc6 7. Bb5 e6 8. 0-0 Nge7 9. Bg5 Bd7 10. Nc3 0-0 11. Qd2 a6 12. Ba4 Rc8 13. Bb3 b5 14. Nd1 Qb6 15. Bf6 Nf5 16. Ne3 Bh6 17. Rfd1 Nxe3 18. fxe3 Na5 19. Qf2 Bg7 20. Bc2 h6 21. b3 b4 22. Rac1 Bb5 23. Qg3 Qb7 24. h4 h5 25. Qf4 Rc3 26. g4 Rfc8 1/2-1/2

[Event "GBR-ch Major 104th"]
[Site "Llandudno"]
[Date "2017.07.29"]
[Round "1"]
[White "Walton, David Aw"]
[Black "Holton, Jake"]
[Result "0-1"]
[WhiteElo "1727"]
[BlackElo "1918"]
[PlyCount "82"]
[EventDate "2017.07.29"]
[EventType "swiss"]
[EventRounds "9"]
[EventCountry "WLS"]
[SourceTitle "CBM 179 Extra"]
[Source "ChessBase"]
[SourceDate "2017.08.23"]
[SourceVersion "1"]
[SourceVersionDate "2017.08.23"]
[SourceQuality "1"]

1. d4 d5 2. Nf3 Nf6 3. Bf4 Bf5 4. e3 e6 5. Bd3 Bd6 6. Bxf5 exf5 7. Ne5 0-0 8. 0-0 Nbd7 9. Qd3 g6 10. h3 Re8 11. Nxd7 Qxd7 12. Bh6 c6 13. Nd2 Ne4 14. a3 Re6 15. f4 Qe7 16. Nxe4 Rxe4 17. Rae1 Re8 18. Rf3 Qh4 19. Re2 Qxh6 20. c4 dxc4 21. Qxc4 Qf8 22. g4 fxg4 23. hxg4 Qe7 24. Kf2 Qh4+ 25. Rg3 Rxe3 26. Rexe3 Rxe3 27. Kxe3 Qxg3+ 28. Ke4 Bxf4 29. Qe2 h5 30. Qf3 f5+ 31. gxf5 gxf5+ 32. Kd3 Qxf3+ 33. Kc4 Bd2 34. a4 a6 35. Kc5 Qd5+ 36. Kb6 Ba5+ 37. Ka7 Qxd4+ 38. Ka8 Qd8+ 39. Ka7 Bb6+ 40. Kxb7 Qc7+ 41. Kxa6 Qa7# 0-1